000 01274nam2a2200313 4500
001 RU\NLR\BIBL_A\022417583
005 20250806205633.0
035 _a(NLR Aleph) 022417583
090 _a10061
_c10061
100 _a20250806 rusy50
101 0 _arus
102 _aRU
135 _acrcn 024anaba
200 0 _a1945, № 111 (7968) (9 мая)
210 _d1945
325 1 _aКопия доступна в электронной библиотеке РНБ
461 0 _1001RU\NLR\BIBL_A\011276407
_12001#$aНа страже Родины$eеженед. газ. Ленинградского военного округа$v1945, № 111 (7968) (9 мая)
852 _aNLR
_jЛ7
856 0 _uhttps://vivaldi.nlr.ru/pn000337423/view
856 1 _uhttps://vivaldi.nlr.ru/pn000337423/cover
856 2 _uhttps://vivaldi.nlr.ru/pn000337423/text
901 _eГазеты
942 _cISSNP
945 _aРоссийская национальная библиотека
980 _aNB
980 _aBV
981 2 7 _a(27) Периодические издания
_b(27) Газеты